Представление документа в формате MARC21

ПолеНазваниеЗначение
  Тип записи a
  Библиографический уровень m
001 Контрольный номер BIBLIOCLUB\0000274188
005 Дата корректировки 20260430154720.7
006 m o d
007 Элементы данных для физической характеристики c|||||||||||||
008 Кодируемые данные s2013 rus o rus d
041 Код языка издания 0_
a Код языка текста rus
084 Индекс другой классификации/Индекс ББК __
a Индекс другой классификации/Индекс ББК 16.351я73
b Номер единицы LBC/PL
2 Источник индекса rubbk
100 Автор 1_
a Автор Меркулова А. Ш.
245 Заглавие 10
a Заглавие Формирование баз данных
b Продолж. заглавия учебно-методический комплекс
c Ответственность А. Ш. Меркулова
c Ответственность Министерство культуры Российской Федерации
c Ответственность Кемеровский государственный университет культуры и искусств
c Ответственность Институт информационных и библиотечных технологий
c Ответственность Кафедра технологии документальных коммуникаций
260 Выходные данные __
a Место издания Кемерово
b Издательство Кемеровский государственный университет культуры и искусств (КемГУКИ)
c Дата издания 2013
300 Физическое описание __
a Объем 104 с.
b Иллюстрации/ тип воспроизводства ил., табл., схем.
504 Библиография __
a Библиография Библиогр.: с. 98-100.
653 Ключевые слова 1_
a Ключевые слова Учебник для высшей школы
856 Электронный адрес документа 40
3 Область применения данных поля Университетская библиотека ONLINE
u URL https://biblioclub.ru/index.php?page=book&id=274188